000 00962nam a22002897a 4500
001 BR7375046
003 BR-BrBNA
005 20230928084404.0
007 ta
008 230509b bl.||||| |||| 00| 0 por d
040 _aBR-BrBNA
_bpor
_cBiblioteca Nacional de Agricultura
041 _a(Por)
072 _aE30; E10
_b/G514
090 _ E30 BR7375046
100 1 _aSantos, J.G. dos
100 1 _aAraujo, A.S. de
100 1 _aLima, A.B.S. de
110 1 _aComissao Estadual de Planejamento Agricola de Sergipe, Aracaju (Brasil)
_92036
245 1 _aEstudos basicos para a formulacao de programas de desenvolvimento agropecuario do Estado de Sergipe - v. 1 Caracteristicas gerais do estado de Sergipe [Brasil]
260 3 _aAracaju, SE (Brasil):
_c[nd].
300 _a69 p.
500 _aPublished after 1971; 28 tables; 6 ref.
650 _aDESENVOLVIMENTO AGRICOLA
650 _aSERGIPE
909 _a202309
_bLucia
_c55
_dLucia Elande
942 _cBK
999 _c18611
_d18611